| 000 | 00707cam a22002291 4500 | ||
|---|---|---|---|
| 001 | sa 67002339 | ||
| 003 | DLC | ||
| 005 | 20260227112330.0 | ||
| 008 | 831227s1965 pk 000 0 ben | ||
| 010 | _asa 67002339 | ||
| 035 | _a(OCoLC)21647118 | ||
| 040 |
_aDLC _cCU _dDLC |
||
| 042 | _apremarc | ||
| 050 | 0 | 0 |
_aPK1717.K3 _bR3 |
| 100 | 2 |
_aRawshan Ara Zaman, _d1934- |
|
| 245 | 1 | 0 |
_aRūpabāṃlā. _bKābya saṃkalana. _cSampādanā : Raośana Ārā Jāmāna [ebaṃ] Saiẏada Ānoẏāra Hosena |
| 260 |
_aKarācī, _bKathākali, _c1965 |
||
| 300 |
_a29 p. _billus. _c23 cm |
||
| 500 | _aIn Bengali | ||
| 650 | 0 |
_aBengali poetry _zPakistan _zKarachi |
|
| 700 | 1 |
_aHosena, Saiẏada Ānoẏāra, _d1934- |
|
| 999 |
_c73205 _d73205 |
||